Helping skills : a basic training program, leader's manual /

Bibliographic Details
Other Authors: D'Augelli, Anthony R.
Format: Book
Language:English
Published: New York, N.Y. : Human Sciences Press, [1980]
Edition:2nd ed.
Subjects:

MARC

Tag First Indicator Second Indicator Subfields
LEADER 00000cam a2200000 a 4500
001 in00000080843
005 20151008054110.0
008 810212s1980 nyu b 00000 eng d
020 |a 0877054843 
035 |a (OCoLC)07123022 
035 |9 AAH9628AM 
040 |a GZN  |c GZN  |d TXA  |d UtOrBLW 
049 |a TXAM  |c [800600] 
082 0 |a 361/.007/15 
090 |a HV11  |b .D33 1980 Manual 
245 0 0 |a Helping skills :  |b a basic training program, leader's manual /  |c Anthony R. D'Augelli [and others]. 
250 |a 2nd ed. 
264 1 |a New York, N.Y. :  |b Human Sciences Press,  |c [1980] 
264 4 |c ©1980 
300 |a 68 pages ;  |c 23 cm. 
336 |a text  |b txt  |2 rdacontent 
337 |a unmediated  |b n  |2 rdamedia 
338 |a volume  |b nc  |2 rdacarrier 
504 |a Bibliography: pages 62-68. 
650 0 |a Paraprofessionals in social service  |x In-service training  |x Handbooks, manuals, etc. 
700 1 |a D'Augelli, Anthony R. 
999 |a MARS 
999 f f |s 1cd35224-eb44-327a-80f5-53df9b0c77f3  |i 9a6e5aa7-865e-3be1-9755-26e988067525  |t 0 
952 f f |p ric  |a Texas A&M University  |b Rellis Campus  |c Joint Library Facility  |d Remote Storage  |t 0  |e HV11 .D33 1980 Manual  |h Library of Congress classification  |i unmediated -- volume  |m A14806145253 
998 f f |a HV11 .D33 1980 Manual  |t 0  |l Remote Storage